[Event "Titled Tuesday intern op 08th Aug Late"]
[Site "Chess.com INT"]
[Date "2023.08.08"]
[Round "6"]
[White "Petersson, Kjell"]
[Black "Garmendia Vega, Gabriel"]
[Result "0-1"]
[WhiteElo "2040"]
[BlackElo "1967"]
[PlyCount "54"]
[EventDate "2023.08.08"]
[EventType "swiss (blitz)"]
[EventRounds "11"]
[EventCountry "USA"]
[SourceTitle "EXT 2024"]
[Source "ChessBase"]
[SourceDate "2023.10.10"]
[SourceVersion "1"]
[SourceVersionDate "2023.10.10"]
[SourceQuality "1"]

1. d4 Nf6 2. Bf4 g6 3. Nc3 d5 4. e3 Bg7 5. Nb5 Na6 6. Nc3 c5 7. Bxa6 bxa6 8. dxc5 Qa5 9. Be5 0-0 10. Qd4 Bf5 11. 0-0-0 Rfd8 12. f3 Rac8 13. g4 Be6 14. h4 Rxc5 15. Kb1 Rc4 16. Qd3 Nd7 17. Bxg7 Nc5 18. Qd2 Kxg7 19. h5 Rb8 20. Ka1 Rcb4 21. Rb1 Na4 22. Nxa4 Qxa4 23. Qc3+ d4 24. h6+ Kg8 25. b3 dxc3 26. Ne2 Qxa2+ 27. Kxa2 Ra4# 0-1

[Event "Titled Tuesday intern op 01st Aug Late"]
[Site "Chess.com INT"]
[Date "2023.08.01"]
[Round "2"]
[White "Garmendia Vega, Gabriel"]
[Black "Gaal, Zsoka"]
[Result "1-0"]
[WhiteElo "1967"]
[BlackElo "2314"]
[PlyCount "89"]
[EventDate "2023.08.01"]
[EventType "swiss (blitz)"]
[EventRounds "11"]
[EventCountry "USA"]
[SourceTitle "EXT 2024"]
[Source "ChessBase"]
[SourceDate "2023.10.10"]
[SourceVersion "1"]
[SourceVersionDate "2023.10.10"]
[SourceQuality "1"]

1. e4 e5 2. Nf3 d6 3. d4 exd4 4. Nxd4 Nf6 5. Nc3 g6 6. Be3 Bg7 7. f3 Nc6 8. Qd2 Nd7 9. 0-0-0 Nce5 10. Bh6 Bxh6 11. Qxh6 c6 12. Be2 Nf6 13. h3 Ng8 14. Qd2 f6 15. f4 Nf7 16. Bc4 Bd7 17. Bxf7+ Kxf7 18. Nf3 Be6 19. Qxd6 Qxd6 20. Rxd6 Ne7 21. Rhd1 Nc8 22. Rd8 Rxd8 23. Rxd8 Nb6 24. Rxa8 Nxa8 25. e5 Nc7 26. Kd2 Nd5 27. Nxd5 Bxd5 28. Ke3 Bxa2 29. b3 a5 30. Kd4 a4 31. bxa4 Bd5 32. Kc5 Ke6 33. Nd4+ Ke7 34. g3 fxe5 35. fxe5 Be4 36. c3 Kd7 37. h4 h6 38. Kb6 Kc8 39. Ne6 Bd5 40. Nc5 g5 41. hxg5 hxg5 42. Nxb7 g4 43. Na5 Be4 44. Nxc6 Bc2 45. a5 1-0

[Event "Titled Tuesday intern op 18th Jul Late"]
[Site "Chess.com INT"]
[Date "2023.07.18"]
[Round "8"]
[White "Garmendia Vega, Gabriel"]
[Black "Feliz Dotel, Dewar Bienvenido"]
[Result "1-0"]
[WhiteElo "1967"]
[BlackElo "1984"]
[PlyCount "49"]
[EventDate "2023.07.18"]
[EventType "swiss (blitz)"]
[EventRounds "11"]
[EventCountry "USA"]
[SourceTitle "EXT 2024"]
[Source "ChessBase"]
[SourceDate "2023.10.10"]
[SourceVersion "1"]
[SourceVersionDate "2023.10.10"]
[SourceQuality "1"]

1. e4 e5 2. Nf3 Nc6 3. Bb5 Nf6 4. d3 Ne7 5. 0-0 c6 6. Bc4 Ng6 7. Re1 b5 8. Bb3 a5 9. a4 Be7 10. Nc3 b4 11. Ne2 0-0 12. Ng3 d6 13. Nf5 Nf4 14. Bxf4 exf4 15. Qd2 Nh5 16. g4 fxg3 17. hxg3 Be6 18. Nxe7+ Qxe7 19. Kg2 c5 20. Rh1 Nf6 21. Qg5 Rae8 22. Nh4 Nd7 23. Qh5 Bxb3 24. Nf5 Qf6 25. Qxh7# 1-0